|
|
|
|
| LEADER |
00000nam0a2200000 4500 |
| 001 |
282289 |
| 005 |
20231101235502.0 |
| 010 |
|
|
|a 9785915591898
|
| 035 |
|
|
|a (RuTPU)RU\TPU\book\306170
|
| 090 |
|
|
|a 282289
|
| 100 |
|
|
|a 20150129d2015 m y0rusy50 ca
|
| 101 |
0 |
|
|a rus
|
| 102 |
|
|
|a RU
|
| 105 |
|
|
|a a j 001zy
|
| 200 |
1 |
|
|a Термодинамика неравновесных процессов для химиков. С приложением к химической кинетике, катализу, материаловедению и биологии
|e учебное пособие
|f В. Н. Пармон
|g Новосибирский государственный университет (НГУ)
|
| 210 |
|
|
|a Долгопрудный
|c Интеллект
|d 2015
|
| 215 |
|
|
|a 472 с.
|c ил.
|
| 225 |
1 |
|
|a Классический университетский учебник
|
| 320 |
|
|
|a Цитированная литература в конце гл.
|
| 320 |
|
|
|a Библиогр.: с. 463-471.
|
| 330 |
|
|
|a Предлагаемая книга представляет собой адаптированный для специалистов-химиков краткий курс современной термодинамики неравновесных процессов с рассмотрением большого числа типичных проблем формальной химической кинетики, катализа, химического материаловедения и биохимии. В дополнение к традиционному изложению термодинамики неравновесных процессов, ограничивающемуся рассмотрением протекания химических превращений только вблизи термодинамического равновесия, в курсе демонстрируется возможность очень продуктивного применения формализма термодинамики неравновесных процессов и для анализа протекания сложных химических превращений вдали от термодинамического равновесия, в том числе в условиях неполной информации о механизме этих превращений.Книга предназначена для студентов, аспирантов и преподавателей классических университетов химических и биологических специальностей, вузов химическо-технологического профиля, а также специалистов, занимающихся исследованием сложных химических превращений, включая каталитические.Учебное пособие подготовлено в рамках реализации Программы Развития Национального исследовательского университета «Новосибирский государственный университет» (НИУ-НГУ).
|
| 606 |
1 |
|
|a Неравновесные процессы
|x Статистическая термодинамика
|2 stltpush
|3 (RuTPU)RU\TPU\subj\72227
|9 85795
|
| 610 |
1 |
|
|a физика
|
| 610 |
1 |
|
|a термодинамика
|
| 610 |
1 |
|
|a линейная неравновесная термодинамика
|
| 610 |
1 |
|
|a каталитические процессы
|
| 610 |
1 |
|
|a катализаторы
|
| 610 |
1 |
|
|a материаловедение
|
| 610 |
1 |
|
|a неравновесная термодинамика
|
| 610 |
1 |
|
|a энтропия
|
| 610 |
1 |
|
|a физико-химические явления
|
| 610 |
1 |
|
|a химическая кинетика
|
| 610 |
1 |
|
|a биохимия
|
| 610 |
1 |
|
|a химические превращения
|
| 610 |
1 |
|
|a устойчивость
|
| 610 |
1 |
|
|a диссипативные структуры
|
| 610 |
1 |
|
|a стационарные состояния
|
| 610 |
1 |
|
|a учебные пособия
|
| 675 |
|
|
|a 536.755(075.8)
|v 4
|
| 700 |
|
1 |
|a Пармон
|b В. Н.
|g Валентин Николаевич
|
| 712 |
0 |
2 |
|a Новосибирский государственный университет (НГУ)
|2 stltpush
|3 (RuTPU)RU\TPU\col\721
|
| 801 |
|
1 |
|a RU
|b 63413507
|c 20150129
|
| 801 |
|
2 |
|a RU
|b 63413507
|c 20150514
|g RCR
|
| 900 |
|
|
|a Термодинамика
|
| 900 |
|
|
|a Физическая химия
|
| 942 |
|
|
|c BK
|
| 959 |
|
|
|a 4/20150129
|d 2
|e 1320,00
|f ЧЗТЛ:1
|f АНЛ:1
|